MARC

LEADER 00000nas a2200000 a 4500
001 ssj0012695
003 WaSeSS
005 20200512172242.0
006 m d
007 cr n
008 751101c19489999nyumx p s 0 a0eng c
010 |a  43002416   |z sc 80002099   |z sn 78003939   |z sn 79019392  
016 |a (AMICUS)000002915922 
022 |l 0037-6159  |y 0037-6159 
032 |a 577270  |b USPS 
035 |a (WaSeSS)ssj0012695 
037 |b Ski, Box 2795, Boulder, CO 80322 
040 |a MUL  |b eng  |c MUL  |d COO  |d NSD  |d DLC  |d NST  |d NSD  |d AIP  |d NSD  |d OCL  |d DLC  |d OCL  |d DLC  |d HUL  |d NST  |d OCL  |d NST  |d OCL  |d OCLCQ  |d DLC  |d OCLCQ  |d CUS  |d OCLCQ  |d OCLCF  |d OCLCO  |d UPM  |d OCLCO  |d NLC  |d HCO  |d OCLCO  |d OCLCQ  |d HTM  |d OCLCO  |d WaSeSS 
042 |a pcc  |a nsdp 
050 0 0 |a GV854.A1  |b S57 
082 0 0 |a 796.93/05  |2 19 
130 0 |a Ski (New York, N.Y.) 
210 0 |a Ski 
222 0 |a Ski 
245 1 0 |a Ski  |h [electronic resource]. 
246 3 0 |a Ski buyers guide 
246 3 |a Ski resort guide 
246 1 3 |a Ski magazine  |f <Oct. 1957>-Mar. 1961 
260 |a [Hanover, N.H.] :  |b [Ski Magazine] 
310 |a 8 times a year,  |b <Mar. 1986-> 
321 |a Six times a year,  |b <Oct. 1975-> 
362 1 |a Began Nov. 1, 1948. 
506 |a License restrictions may limit access. 
515 |a Nov. 1, 1949-Mar. 1951 lack vol. numbering. 
515 |a Volumes for <2011-> have one issue per year with title: Ski resort guide. 
525 |a Volumes for <Sept. 2003-> have supplement: Ski buyers guide. 
525 |a Has occasional supplements. 
580 |a Formed by the union of: Ski news, Western skiing, Ski sheet, and: Ski illustrated, and continues the vol. numbering of the latter. 
588 |a Description based on: Vol. 20, no. 1 (Oct. 1955); title from cover. 
588 |a Latest issue consulted: Vol. 80, no. 2 (Oct. 2015). 
650 0 |a Skis and skiing  |v Periodicals. 
650 7 |a Skis and skiing.  |2 fast  |0 (OCoLC)fst01120169 
655 0 |a Electronic journals. 
780 0 5 |t Ski life  |g Oct. 1961  |w (OCoLC)20859696 
780 1 4 |t Ski news (National Ski Association of America)  |w (OCoLC)12283575 
780 1 4 |t Western skiing  |w (OCoLC)12317901 
780 1 4 |t Ski sheet 
780 1 4 |t Ski illustrated  |w (DLC) 87647068  |w (OCoLC)3377904 
850 |a AzTeS  |a DLC  |a DeU  |a MH-BA  |a MH-Hi  |a MH-Lm  |a NN  |a NvU  |a ViW 
856 4 0 |z Full text available from Research Library: 01/01/1988 to 12/31/1999  |u https://search.proquest.com/publication/48776 
856 4 0 |z Full text available from Research Library: 01/01/2003 to 12/31/2013  |u https://search.proquest.com/publication/48776 
856 4 0 |z Full text available from Research Library: 01/01/2017 to present  |u https://search.proquest.com/publication/48776